A pandémia hatása a rendezvényszervezésre Magyarországon
| Main Author: | |
|---|---|
| Other Authors: | |
| Format: | Thesis |
| Kulcsszavak: | covid Események pandémia rendezvényszervezés vizsgálat |
| Online Access: | http://dolgozattar.uni-bge.hu/60056 |
MARC
| LEADER | 00000nta a2200000 i 4500 | ||
|---|---|---|---|
| 001 | dolg60056 | ||
| 005 | 20260409145928.0 | ||
| 008 | 260409suuuu hu om 000 hun d | ||
| 040 | |a BGE Dolgozattár Repozitórium |b hun | ||
| 041 | |a hu | ||
| 100 | 1 | |a Simon Boglárka | |
| 245 | 1 | 2 | |a A pandémia hatása a rendezvényszervezésre Magyarországon |c Simon Boglárka |h [elektronikus dokumentum] |
| 520 | 3 | |a A Covid-19 alapjaiban megváltoztatta a rendezvényszervezés ágazatait, legyen szó céges vagy egyéni rendezvényekről. A kutatásom során azt vizsgáltam, hogy hogyan alakultak át a rendezvényszervezés folyamatai. A járványnak köszönhetően új megoldások születtek, mint az online és hibrid rendezvények, amelyeknek a hosszú távú hatására is kitértem. A dolgozat során vegyes módszertant alkalmaztam, kvantitatív kérdőívvel és kvalitatív interjúkkal vizsgálódtam a témában. A kapott eredményeim alapján nem csak átmeneti változások, hanem tartósan átalakított újítások által működnek a rendezvényszervezési feladatok. Manapság már minden szempontot, min a tervezést és lebonyolítást technológiai eszközökön hajtanak végre és a jövőbeli újításokat is rugalmasabban fogadják a rendezvényszervezésben elfoglalt személyek. | |
| 695 | |a covid | ||
| 695 | |a Események | ||
| 695 | |a pandémia | ||
| 695 | |a rendezvényszervezés | ||
| 695 | |a vizsgálat | ||
| 700 | 1 | |a Schultz Dr. Éva |e ths | |
| 856 | 4 | 0 | |u http://dolgozattar.uni-bge.hu/60056/1/Simon_Bogl%C3%A1rka_szakdolgozat_-2.pdf |z Dokumentum-elérés |
| 856 | 4 | 0 | |u http://dolgozattar.uni-bge.hu/60056/2/Simon%20Bogl%C3%A1rka_konzulensi_Schultz%20%C3%89va.pdf |z Dokumentum-elérés |
| 856 | 4 | 0 | |u http://dolgozattar.uni-bge.hu/60056/3/Simon%20Bogl%C3%A1rka%20konzulens_b%C3%ADr%C3%A1lat_TE.pdf |z Dokumentum-elérés |